000 00275nam a22001337a 4500
008 180124b xxu||||| |||| 00| 0 eng d
020 _a9780201578669
041 _aeng
080 _a338
100 _a53
101 _aman
245 _amanagement
_cdon.h
942 _2udc
_cBK
999 _c40843
_d40843